Normal view
MARC view
- Hadjichambis, Andreas Ch.
Entry Personal Name
001 - CONTROL NUMBER
- control field: 59288
003 - CONTROL NUMBER IDENTIFIER
- control field: OSt
005 - DATE AND TIME OF LATEST TRANSACTION
- control field: 20240828162655.0
008 - FIXED-LENGTH DATA ELEMENTS
- fixed length control field: 240828|| aca||aabn | a|a d
040 ## - CATALOGING SOURCE
- Original cataloging agency: OSt
- Transcribing agency: OSt
100 ## - HEADING--PERSONAL NAME
- Personal name: Hadjichambis, Andreas Ch.
- Relator term: author.
670 ## - SOURCE DATA FOUND
- Source citation: Work cat.: (OSt): Hadjichambis, Andreas Ch. author., Promoting rri and active citizenship in an inquiry-based controversial socio-scientific issue :, November 2019.
